Cenový věstník

Na minha lista:
Detalhes bibliográficos
Formato: Periódico
Idioma:tcheco
Publicado em: Praha Fed. stat. úřad 1988
Tags: Adicionar Tag
Sem tags, seja o primeiro a adicionar uma tag!

MARC

LEADER 00000nas2a2200000 4500
001 s033158
005 20250730114143.6
041 0 |a cze 
044 |a CZ 
245 1 0 |a Cenový věstník 
264 1 |a Praha  |b Fed. stat. úřad  |c 1988 
300 |a 2 zv. 
773 0 |w eu_un_cat*s120102